Datum a čas kvízu

26 Celkem bodů Celkový počet nahraných bodů na tomto kvízu bez doplňovacích otázek.
6. Pořadí na kvízu Konečné umístění týmu na tomto kvízu.

Zaznamenané odpovědi

# Otázka Odpověď Body Výsledky
1. Na sedmém kilometru dálnice D1... tramvaj 1
2. Senát jednoho státu na jihu US... Alabama 0
3. Který známý umělec si vzal v n... Rytmus / Patrik Vrbovský 0
4. Čínská společnost Xiaomi přišl... v automatu 0
5. Ve třetím utkání na MS v hokej... Andrej Vasilevskij 1
6. Volby do Evropského parlamentu... čtvrté 1
7. Z výsledků voleb vzejde i nový... Jan Zahradil 0
8. Přiřaďte lídry kandidátek k je... 1A 2B 3D 4C 0
9. V některých evropských státech... D 1
10. Jedenatřicetiletý kandidát nov... Tinder 1